000 00679nam a2200217 4500
001 15553
010 _a9789722127387
021 _b388521/15
090 _a15553
100 _a20150825d2015 c y0pory50030103ba
200 1 _aA cantora deitada
_fSandro William Junqueira
_gil. Maria João Lima
205 _a1ª ed
210 9 _aAlfragide
_cCaminho,
_dcop. 2015
215 _a[36] p.
_ctodo il.
_d16 x 24 cm
304 _aPADES
675 _a087.5
_vBN
_zpor
700 1 _aJunqueira,
_bSandro William,
_f1974-
702 1 _aLima,
_bMaria João,
_f1969-
801 0 _aPT
_bBN
_gRPC
856 4 1 _uhttp://rnod.bnportugal.gov.pt/ImagesBN/winlibimg.aspx?skey=&doc=1908560&img=65680&save=true
990 _cLIVROS